00500nam a2200133Ia 4500008004100000041000800041082001000049100002000059245007600079650002000155906007000175999001900245952010200264210707s9999 xx 000 0 und d aeng aCD101 aAYALA (Kenneth) aEight zero eight six microprocessor: programming and interfacing the PC aMicroprocessors aand Eight interfacing microprocessor: PC programming six the zero c177135d177135 001040718ElectronicsaALbALd2021-07-07l0oCD101pCD101r2021-07-07 00:00:00w2021-07-07yCD